Miraculous Ladybug Boys - Statistics

General Stats
  • This quiz has been taken 142 times
  • The average score is 7 of 8
Answer Stats
Picture Answer % Correct
Adrien
99%
Nino
99%
Luka
98%
Max
96%
Kim
95%
Ivan
92%
Nathaniel
88%
Marc
77%
No matching quizzes found
Score Distribution
Percent of People with Each Score
Percentile by Number Answered
Your Score History
You have not taken this quiz